000 01093nam a2200361 c 4500
001 13355
003 ES-MaCES
005 20250121040009.0
008 020211s2001 sp ad s o000 | spa d
017 _aM 54770-2001
_bDL
020 _a8477999724
024 7 _a207-01-017-6
_2nipo
035 _aCES20020002608m
040 _aES-MaCES
_bspa
_cES-MaCES
245 0 4 _aLas mujeres en cifras 1996-2000
250 _a7ª ed
260 _aMadrid
_bInstituto de la Mujer
_c2001
300 _a143 p.
_bil., gráf. col.
_c30 cm
541 _cGratuito
650 4 _amujeres
_928657
650 4 _acondiciones de vida
_927111
650 4 _acondiciones económicas
_927081
650 4 _acondiciones sociales
_930469
650 4 _aEspaña
_926964
650 4 _a1996-2000
_931148
650 4 _adatos estadísticos
_930765
653 1 0 _aEstadísticas económico-sociales
710 2 _aInstituto de la Mujer (España)
_eed.
_94190
787 0 _tLas mujeres en cifras 1997
_w(ES-MaCES)5857
902 _aLIB Libro
942 _2CES
_cBK
_h8.2.
999 _c13355
_d13355